Շերամապահությունը Մեղրու Ստալինի անվան կոլխոզում / (Record no. 86948)
[ view plain ]
| 000 -LEADER | |
|---|---|
| fixed length control field | 00583nam a2200181 u 4500 |
| 001 - CONTROL NUMBER | |
| control field | 000244437 |
| 003 - CONTROL NUMBER IDENTIFIER | |
| control field | AM-YeHGA |
| 005 - DATE AND TIME OF LATEST TRANSACTION | |
| control field | 20250617124845.0 |
| 008 - FIXED-LENGTH DATA ELEMENTS--GENERAL INFORMATION | |
| fixed length control field | 030708s1950 ai r 000 0 arm d |
| 040 ## - CATALOGING SOURCE | |
| Original cataloging agency | AM-YeHGA |
| 090 ## - LOCALLY ASSIGNED LC-TYPE CALL NUMBER (OCLC); LOCAL CALL NUMBER (RLIN) | |
| -- | 88232 |
| 100 1# - MAIN ENTRY--PERSONAL NAME | |
| Personal name | Մարգարյան, Մ.Ա. |
| 245 10 - TITLE STATEMENT | |
| Title | Շերամապահությունը Մեղրու Ստալինի անվան կոլխոզում / |
| Statement of responsibility, etc. | Մ.Ա. Մարգարյան. |
| 260 ## - PUBLICATION, DISTRIBUTION, ETC. | |
| Place of publication, distribution, etc. | Երևան : |
| Name of publisher, distributor, etc. | Հայպետհրատ, |
| Date of publication, distribution, etc. | 1950. |
| 300 ## - PHYSICAL DESCRIPTION | |
| Extent | 32 էջ ; |
| Dimensions | 20 սմ. |
| 650 14 - SUBJECT ADDED ENTRY--TOPICAL TERM | |
| Topical term or geographic name entry element | Շերամապահություն |
| Geographic subdivision | Մեղրի |
| 942 00 - ADDED ENTRY ELEMENTS (KOHA) | |
| Koha issues (borrowed), all copies | 1 |
| Withdrawn status | Lost status | Damaged status | Not for loan | Collection | Home library | Current library | Date acquired | Total checkouts | Full call number | Barcode | Date last seen | Cost, replacement price | Price effective from | Koha item type | Public note | Date last checked out |
|---|---|---|---|---|---|---|---|---|---|---|---|---|---|---|---|---|
| General | Fundamental Scientific Library | Fundamental Scientific Library | 22/12/2016 | AII/19308 | FL0007925 | 22/12/2016 | 50.00 | 22/12/2016 | Գրքեր / Books | 30 Days Loan | ||||||
| General | Fundamental Scientific Library | Fundamental Scientific Library | 22/12/2016 | 1 | AII/19309 | FL0007926 | 01/03/2025 | 50.00 | 22/12/2016 | Գրքեր / Books | 30 Days Loan | 01/03/2025 | ||||
| General | Fundamental Scientific Library | Fundamental Scientific Library | 22/12/2016 | AII/19310 | FL0007927 | 22/12/2016 | 50.00 | 22/12/2016 | Գրքեր / Books | 30 Days Loan |
ՀՀ Գիտությունների ազգային ակադեմիայի հիմնարար գիտական գրադարան = Fundamental Scientific Library of NAS RA
All site content, except where otherwise noted, is licensed under a